<?xml version="1.0" encoding="UTF-8"?>
<record
    xmlns:xsi="http://www.w3.org/2001/XMLSchema-instance"
    xsi:schemaLocation="http://www.loc.gov/MARC21/slim http://www.loc.gov/standards/marcxml/schema/MARC21slim.xsd"
    xmlns="http://www.loc.gov/MARC21/slim">

  <leader>01425cam a2200277 i 4500</leader>
  <controlfield tag="003">SA-RiAUC</controlfield>
  <controlfield tag="005">20241211122009.0</controlfield>
  <controlfield tag="008">241210s2008    su     g     f000 0 ara c</controlfield>
  <datafield tag="040" ind1=" " ind2=" ">
    <subfield code="a">SA-TaTU</subfield>
    <subfield code="b">ara</subfield>
    <subfield code="c">SA-RiAUC</subfield>
    <subfield code="e">rda</subfield>
  </datafield>
  <datafield tag="043" ind1=" " ind2=" ">
    <subfield code="a">a-su---</subfield>
  </datafield>
  <datafield tag="082" ind1="0" ind2="4">
    <subfield code="a">915.31204</subfield>
  </datafield>
  <datafield tag="090" ind1=" " ind2=" ">
    <subfield code="a">915.31204  </subfield>
    <subfield code="b"> &#x646; &#x648; &#x627;</subfield>
  </datafield>
  <datafield tag="100" ind1="1" ind2=" ">
    <subfield code="a">&#x646;&#x648;&#x627;&#x628;&#x60C; &#x639;&#x648;&#x627;&#x637;&#x641; &#x645;&#x62D;&#x645;&#x62F; &#x64A;&#x648;&#x633;&#x641;&#x60C;</subfield>
    <subfield code="d">1378 &#x647;&#x62C;&#x631;&#x64A;-</subfield>
    <subfield code="e">&#x645;&#x624;&#x644;&#x641;.</subfield>
  </datafield>
  <datafield tag="245" ind1="1" ind2="0">
    <subfield code="a">&#x643;&#x62A;&#x628; &#x627;&#x644;&#x631;&#x62D;&#x644;&#x627;&#x62A; &#x641;&#x64A; &#x627;&#x644;&#x645;&#x63A;&#x631;&#x628; &#x627;&#x644;&#x623;&#x642;&#x635;&#x649; :</subfield>
    <subfield code="b">&#x645;&#x635;&#x62F;&#x631; &#x645;&#x646; &#x645;&#x635;&#x627;&#x62F;&#x631; &#x62A;&#x627;&#x631;&#x64A;&#x62E; &#x627;&#x644;&#x62D;&#x62C;&#x627;&#x632; &#x641;&#x64A; &#x627;&#x644;&#x642;&#x631;&#x646;&#x64A;&#x646; &#x627;&#x644;&#x62D;&#x627;&#x62F;&#x64A; &#x639;&#x634;&#x631; &#x648;&#x627;&#x644;&#x62B;&#x627;&#x646;&#x64A; &#x639;&#x634;&#x631; &#x627;&#x644;&#x647;&#x62C;&#x631;&#x64A;&#x64A;&#x646; : &#x62F;&#x631;&#x627;&#x633;&#x629; &#x62A;&#x62D;&#x644;&#x64A;&#x644;&#x64A;&#x629; &#x646;&#x642;&#x62F;&#x64A;&#x629; &#x645;&#x642;&#x627;&#x631;&#x646;&#x629; /</subfield>
    <subfield code="c">&#x639;&#x648;&#x627;&#x637;&#x641; &#x645;&#x62D;&#x645;&#x62F; &#x64A;&#x648;&#x633;&#x641; &#x646;&#x648;&#x627;&#x628;.</subfield>
  </datafield>
  <datafield tag="264" ind1=" " ind2="1">
    <subfield code="a">&#x627;&#x644;&#x631;&#x64A;&#x627;&#x636; :</subfield>
    <subfield code="b">&#x62F;&#x627;&#x631;&#x629; &#x627;&#x644;&#x645;&#x644;&#x643; &#x639;&#x628;&#x62F; &#x627;&#x644;&#x639;&#x632;&#x64A;&#x632;&#x60C;</subfield>
    <subfield code="c">2008</subfield>
  </datafield>
  <datafield tag="300" ind1=" " ind2=" ">
    <subfield code="a">748 &#x635;&#x641;&#x62D;&#x629; &#x61B;</subfield>
    <subfield code="c">30 &#x633;&#x645;.</subfield>
  </datafield>
  <datafield tag="336" ind1=" " ind2=" ">
    <subfield code="a">&#x646;&#x635;</subfield>
    <subfield code="b">txt</subfield>
    <subfield code="2">rdacontent</subfield>
    <subfield code="3">&#x643;&#x62A;&#x627;&#x628;</subfield>
  </datafield>
  <datafield tag="337" ind1=" " ind2=" ">
    <subfield code="a">&#x628;&#x62F;&#x648;&#x646; &#x648;&#x633;&#x64A;&#x637;</subfield>
    <subfield code="b">n</subfield>
    <subfield code="2">rdamedia</subfield>
  </datafield>
  <datafield tag="338" ind1=" " ind2=" ">
    <subfield code="a">&#x645;&#x62C;&#x644;&#x62F;</subfield>
    <subfield code="b">nc</subfield>
    <subfield code="2">rdacarrier</subfield>
  </datafield>
  <datafield tag="490" ind1="0" ind2=" ">
    <subfield code="a">&#x633;&#x644;&#x633;&#x644;&#x629; &#x627;&#x644;&#x631;&#x633;&#x627;&#x626;&#x644; &#x627;&#x644;&#x62C;&#x627;&#x645;&#x639;&#x64A;&#x629; / &#x62F;&#x627;&#x631;&#x629; &#x627;&#x644;&#x645;&#x644;&#x643; &#x639;&#x628;&#x62F; &#x627;&#x644;&#x639;&#x632;&#x64A;&#x632; (&#x627;&#x644;&#x631;&#x64A;&#x627;&#x636;) &#x61B;</subfield>
    <subfield code="v">29</subfield>
  </datafield>
  <datafield tag="500" ind1=" " ind2=" ">
    <subfield code="a">&#x623;&#x647;&#x62F;&#x627;&#x621; &#x645;&#x646; &#x627;&#x644;&#x645;&#x624;&#x644;&#x641; &#x639;&#x648;&#x627;&#x637;&#x641; &#x628;&#x646;&#x62A; &#x645;&#x62D;&#x645;&#x62F; &#x64A;&#x648;&#x633;&#x641; &#x646;&#x648;&#x627;&#x628; &#x64A;&#x648;&#x645; &#x627;&#x644;&#x627;&#x62D;&#x62F; 29/ 5 /1430 &#x647;&#x640;</subfield>
  </datafield>
  <datafield tag="651" ind1=" " ind2="7">
    <subfield code="a">&#x627;&#x644;&#x62D;&#x62C;&#x627;&#x632; (&#x627;&#x644;&#x633;&#x639;&#x648;&#x62F;&#x64A;&#x629;)</subfield>
    <subfield code="x">&#x648;&#x635;&#x641; &#x648;&#x631;&#x62D;&#x644;&#x627;&#x62A;</subfield>
    <subfield code="2">aucsh</subfield>
  </datafield>
  <datafield tag="651" ind1=" " ind2="7">
    <subfield code="a">&#x627;&#x644;&#x62D;&#x62C;&#x627;&#x632; (&#x627;&#x644;&#x633;&#x639;&#x648;&#x62F;&#x64A;&#x629;)</subfield>
    <subfield code="x">&#x62A;&#x627;&#x631;&#x64A;&#x62E;</subfield>
    <subfield code="y">&#x642;&#x631;&#x648;&#x646; 11-12 &#x647;&#x62C;&#x631;&#x64A;</subfield>
    <subfield code="2">aucsh</subfield>
  </datafield>
  <datafield tag="942" ind1=" " ind2=" ">
    <subfield code="2">ddc</subfield>
    <subfield code="c">BOOK</subfield>
    <subfield code="n">0</subfield>
  </datafield>
  <datafield tag="949" ind1=" " ind2=" ">
    <subfield code="a">SA-JeALM</subfield>
    <subfield code="d">241210</subfield>
    <subfield code="u">mohamedma123</subfield>
    <subfield code="n">1</subfield>
  </datafield>
  <datafield tag="952" ind1=" " ind2=" ">
    <subfield code="0">0</subfield>
    <subfield code="1">0</subfield>
    <subfield code="2">ddc</subfield>
    <subfield code="4">0</subfield>
    <subfield code="7">0</subfield>
    <subfield code="8">gift</subfield>
    <subfield code="a">WAHAB</subfield>
    <subfield code="b">WAHAB</subfield>
    <subfield code="d">2024-12-11</subfield>
    <subfield code="l">0</subfield>
    <subfield code="o">915.31204  &#x646; &#x648; &#x627;</subfield>
    <subfield code="p">000005263</subfield>
    <subfield code="r">2024-12-11 12:20:44</subfield>
    <subfield code="w">2024-12-11</subfield>
    <subfield code="y">BOOK</subfield>
  </datafield>
  <datafield tag="952" ind1=" " ind2=" ">
    <subfield code="0">0</subfield>
    <subfield code="1">0</subfield>
    <subfield code="2">ddc</subfield>
    <subfield code="4">0</subfield>
    <subfield code="7">0</subfield>
    <subfield code="a">WAHAB</subfield>
    <subfield code="b">WAHAB</subfield>
    <subfield code="d">2091-01-13</subfield>
    <subfield code="l">0</subfield>
    <subfield code="o">915.31204 &#x646; &#x648; &#x627;</subfield>
    <subfield code="p">000007144</subfield>
    <subfield code="r">2025-01-13 05:55:26</subfield>
    <subfield code="w">2025-01-13</subfield>
    <subfield code="y">BOOK</subfield>
  </datafield>
  <datafield tag="999" ind1=" " ind2=" ">
    <subfield code="c">3330</subfield>
    <subfield code="d">3330</subfield>
  </datafield>
</record>
